LEADER 00963nam a2200253 a 4500 001 000000131544 003 CaOOAMICUS 005 20121122122540.0 008 121122s1964 it af u000 u ita r 040 $aPUL$bita 100 1 $aBrezzi, Paolo,$d1910-1998.$0(OLS)http://pul/name/724 245 10$aStato e Chiesa nell'Ottocento /$cPaolo Brezzi. 260 $aTorino :$bERI,$c©1964. 300 $a168 p., [4] c. di tav. :$bill. ;$c18 cm 490 1 $aClasse unica ;$v134 650 4$aChiesa e stato$ySec. XIX.$0(OLS)http://pul/subject/39156 830 0$aClasse unica ;$v134.$0(OLS)http://pul/title/166174 850 $aPUL 852 $aPUL$W1$xDP1 Fondo E. Rossi$y115$m1 B 152$j151811$qFondi$B150755$CPULBib$Z2$F150755 $82 941 1 $a1 961 $aSul dorso collocazione ms. di E. Rossi: B 91 996 $6245$aStato e Chiesa nell'Ottocento$9(OLS)http://pul/title/166173 996 $6260$aTorino :$bERI$9(OLS)http://pul/publisher/49047 LEADER 01313nam a2200301 a 4500 001 000000135878 003 CaOOAMICUS 005 20131022105820.0 008 131022s2005 gw u000 u ita r 020 $a3-515-08721-4 040 $aPUL$bita 082 04$a937 100 1 $aAmerise, Marilena.$0(OLS)http://pul/name/82152 245 13$aIl battesimo di Costantino il Grande :$bstoria di una scomoda eredità /$cMarilena Amerise. 260 $aStuttgart :$bSteiner,$c©2005. 300 $a177 p. ;$c24 cm 490 1 $aHermes. Einzelschriften ;$v95 504 $aBibliografia p. [143]-172. 600 04$aConstantinus Magnus,$cimperatore romano,$d272-337$xCritica e interpretazione.$0(OLS)http://pul/subject/13204 830 0$aHermes.$pEinzelschriften ;$v95.$0(OLS)http://pul/title/171786 850 $aPUL 852 $aPUL$W1$xSL Cons. Gen., Altre Classi 3$y75$m937 AMEMA 1$j156701$qDDC 21$B156042$CPULBib$Z2$F156042 $H123052 $82 941 1 $a9 996 $6020$a3-515-08721-4$9(OLS)http://pul/number/153788 996 $6082$a937$9(OLS)http://pul/classification/1931 996 $6245$aIl battesimo di Costantino il Grande :$bstoria di una scomoda eredità$9(OLS)http://pul/title/171785 996 $6260$aStuttgart :$bSteiner$9(OLS)http://pul/publisher/82519